[Event "Gibraltar Amateur op-B"]
[Site "Caleta"]
[Date "2018.01.28"]
[Round "2"]
[White "Dias, Marcos Afonso"]
[Black "James, Kevin"]
[Result "0-1"]
[WhiteElo "1494"]
[BlackElo "1851"]
[PlyCount "72"]
[EventDate "2018.01.27"]
[EventType "swiss"]
[EventRounds "5"]
[EventCountry "GGB"]
[SourceTitle "EXT 2019"]
[Source "ChessBase"]
[SourceDate "2018.10.10"]
[SourceVersion "1"]
[SourceVersionDate "2018.10.10"]
[SourceQuality "1"]

1. e4 c6 2. Bc4 d5 3. Bb3 e5 4. Qh5 Nd7 5. d3 Ngf6 6. Qh4 Be7 7. Bg5 0-0 8. Ne2 Nc5 9. Nd2 h6 10. Bxf6 Bxf6 11. Qh5 Qa5 12. 0-0-0 Be6 13. Kb1 Bg5 14. f4 exf4 15. Rhf1 f3 16. Qxf3 Bxd2 17. exd5 cxd5 18. Bxd5 Bg5 19. Nd4 Bxd5 20. Qxd5 Rad8 21. Qc4 Be3 22. Nf5 Bg5 23. b4 Qa3 24. bxc5 Rc8 25. Nd6 Rxc5 26. Qb3 Qa6 27. d4 Rc6 28. Nb5 Rb6 29. a4 Qa5 30. c4 a6 31. c5 Re6 32. Nd6 Re3 33. Rd3 Rxd3 34. Qxd3 Qxa4 35. Qd1 Qb4+ 36. Kc2 b6 0-1